003390000a2200121000450024500670000065000180006765000100008565000170009565000230011204100130013510000210014877300480016910aDiversity and floristic composition of neotropical dry forests14aBiodiversidad14aFlora14aVegetación14aBosques tropicales0 aInglés1 aGentry, Alwyn H.1 tNeotropical Floristics3111q146-193d1990?